00322nam a2200133Ia 4500008004100000041000800041082001600049100001300065245005500078260001800133300000800151365001600159700001300175230718s9999 xx 000 0 und d aeng a005.14bKAN aKan S.H. aMetrics And Models In Software Quality Engineering c2002bPearson a344 cRs.b225.00 aKan S.H.